Optimization under constraints: Theory and applications of non linear programming (Record no. 22684)

MARC details
000 -LEADER
fixed length control field 00350nam a2200121Ia 4500
082 ## - DEWEY DECIMAL CLASSIFICATION NUMBER
Classification number 517.9
Item number WHI
100 ## - MAIN ENTRY--AUTHOR NAME
Personal name Peter
245 #0 - TITLE STATEMENT
Title Optimization under constraints: Theory and applications of non linear programming
260 ## - PUBLICATION, DISTRIBUTION, ETC. (IMPRINT)
Place of publication London
Name of publisher John Wiley
Year of publication 1971
650 ## - SUBJECT ADDED ENTRY--TOPICAL TERM
Topical Term Linear programming
942 ## - ADDED ENTRY ELEMENTS (KOHA)
Koha item type Books
Holdings
Withdrawn status Lost status Damaged status Not for loan Home library Current library Date acquired Cost, normal purchase price Full call number Accession Number Koha item type
        RRII Library RRII Library 16/12/2021 125.37 517.9 WHI 03404 Books